| 000 | 00923nam a22003017a 4500 | ||
|---|---|---|---|
| 001 | BR9001943 | ||
| 003 | BR-BrBNA | ||
| 005 | 20230928093427.0 | ||
| 007 | ta | ||
| 008 | 230509b bl.||||| |||| 00| 0 por d | ||
| 040 |
_aBR-BrBNA _bpor _cBiblioteca Nacional de Agricultura |
||
| 041 | _a(Por) | ||
| 072 | _aC10 | ||
| 090 | _ C10 BR9001943 | ||
| 100 | 1 | _aCalmon, J.L. de S. | |
| 110 | 1 |
_aComissao Executiva do Plano da Lavoura Cacaueira, Ilheus, BA (Brasil). Depto. de Educacao _92111 |
|
| 245 | 1 | _aA educacao no processo de inovacao tecnologica; EMARC - 20 anos de educacao integrada na agricultura - 1965/1985 | |
| 260 | 3 |
_aIlheus, BA (Brasil): _c1985. |
|
| 300 | _a20 p. | ||
| 500 | _a5 illus.; 13 tables | ||
| 650 | _aEDUCACAO | ||
| 650 | _aENSINO AGRICOLA | ||
| 650 | _aTREINAMENTO | ||
| 650 | _aMAO-DE-OBRA | ||
| 650 | _aINSTITUICAO AGRICOLA | ||
| 909 |
_a202309 _bLucia _c55 _dLucia Elande |
||
| 942 | _cBK | ||
| 999 |
_c44929 _d44929 |
||